| 000 | 00637nam a2200193Ii 4500 | ||
|---|---|---|---|
| 003 | JO-AjNU | ||
| 008 | 230605s9999||||xx |||||||||||||| ||und|| | ||
| 040 |
_aJO-AjNU _bara _erda _cJO-AjNU |
||
| 041 | _aara | ||
| 050 | 1 | 4 | _aPJ8242.R2 1977 |
| 100 | 3 |
_aإبراهيم،رضوان, _eauthor _934684 |
|
| 245 | 0 | 0 | _aالتعريف بالأدب التونسي |
| 264 | 3 | 1 | _aتونس: الدار العربية للكتاب، 1977 |
| 300 | _a266ص | ||
| 336 |
_atext _btxt _2rdacontent |
||
| 337 |
_aunmediated _bn _2rdamedia |
||
| 338 |
_avolume _bnc _2rdacarrier |
||
| 650 | 4 |
_aالأدب العربي -تاريخ ونقد- تونس _934685 |
|
| 999 |
_aA14246 _c17814 _d17814 |
||